| 000 -LEADER |
| fixed length control field |
01188nam a22002177a 4500 |
| 020 ## - INTERNATIONAL STANDARD BOOK NUMBER |
| ISBN |
9781003368335 |
| 082 ## - DEWEY DECIMAL CLASSIFICATION NUMBER |
| Classification number |
624.0286 |
| Item number |
Su964 2023 |
| 245 ## - TITLE STATEMENT |
| Title |
Sustainable civil engineering : principles and applications / edited by Varinder Singh Kanwar, Sanjay Kumar Shukla, Siby John, Harpreet Singh Kandra. |
| 260 ## - PUBLICATION, DISTRIBUTION, ETC. (IMPRINT) |
| Place of publication |
Boca Raton : |
| Name of publisher |
CRC Press, |
| Year of publication |
c2023. |
| 300 ## - PHYSICAL DESCRIPTION |
| Number of Pages |
1 online resource, xviii, 338 pages : |
| Other physical details |
illustrations (some color). |
| 500 ## - GENERAL NOTE |
| General note |
Includes bibliographical references and index. |
| 520 ## - SUMMARY, ETC. |
| Summary, etc |
"The text discusses concepts related to sustainable civil engineering practices in a single volume. It will be an ideal reference text for senior undergraduate students, graduate students and professionals in the fields of civil engineering, environmental engineering, mechanical engineering, and electrical engineering"-- Provided by publisher. |
| 650 ## - SUBJECT ADDED ENTRY--TOPICAL TERM |
| Topical Term |
Civil engineering -- Environmental aspects. |
| 650 ## - SUBJECT ADDED ENTRY--TOPICAL TERM |
| Topical Term |
| Sustainable engineering. |
| 650 ## - SUBJECT ADDED ENTRY--TOPICAL TERM |
| Topical Term |
| Sustainable construction. |
| 700 ## - ADDED ENTRY--PERSONAL NAME |
| Personal name |
S. Kanwar, Varinder, editor. |
| 700 ## - ADDED ENTRY--PERSONAL NAME |
| Personal name |
Shukla, Sanjay Kumar, editor. |
| 700 ## - ADDED ENTRY--PERSONAL NAME |
| Personal name |
John, Siby, editor. |
| 700 ## - ADDED ENTRY--PERSONAL NAME |
| Personal name |
Kandra, Harpreet, editor. |
| 942 ## - ADDED ENTRY ELEMENTS (KOHA) |
| Koha item type |
Electronic Books |